Oeuvres complètes de Rutebeuf, trouvère du XIIIe siècle / (Record no. 164221)
[ view plain ]
| 000 -LEADER | |
|---|---|
| campo de control de longitud fija | 00764nam a22002175i 4500 |
| 001 - NÚMERO DE CONTROL | |
| campo de control | 164221 |
| 003 - IDENTIFICADOR DE NÚMERO DE CONTROL | |
| campo de control | ES-MaACL |
| 005 - FECHA Y HORA DE LA ÚLTIMA TRANSACCIÓN | |
| campo de control | 20230906212909.0 |
| 008 - DATOS DE LONGITUD FIJA--INFORMACIÓN GENERAL | |
| campo de control de longitud fija | 050727m18741875fr | |||||||| ||fre d |
| 040 ## - FUENTE DE CATALOGACIÓN | |
| Centro catalogador/agencia de origen | CAM |
| Lengua de catalogación | spa |
| Centro/agencia transcriptor | CAM |
| 100 0# - ENTRADA PRINCIPAL--NOMBRE DE PERSONA | |
| Nombre de persona | Rutebeuf. |
| 9 (RLIN) | 132207 |
| 245 10 - MENCIÓN DEL TÍTULO | |
| Título | Oeuvres complètes de Rutebeuf, trouvère du XIIIe siècle / |
| Mención de responsabilidad, etc. | recueillies et mises au jour pour la première fois par Achille Jubinal. |
| 250 ## - MENCION DE EDICION | |
| Mención de edición | Nouvelle éd. rev. et corr. |
| 260 ## - PUBLICACIÓN, DISTRIBUCIÓN, ETC. | |
| Lugar de publicación, distribución, etc. | Paris : |
| Nombre del editor, distribuidor, etc. | Paul Daffis, éditeur, |
| Fecha de publicación, distribución, etc. | 1874-1875 ( |
| Fabricante | Imprimerie Alcan-Lévy) |
| 300 ## - DESCRIPCIÓN FÍSICA | |
| Extensión | 3 v. ; |
| Dimensiones | 17 cm. |
| 650 #7 - PUNTO DE ACCESO ADICIONAL DE MATERIA--TÉRMINO DE MATERIA | |
| 9 (RLIN) | 167923 |
| Término de materia o nombre geográfico como elemento de entrada | Poesías medievales |
| 700 1# - ENTRADA AGREGADA--NOMBRE PERSONAL | |
| Nombre de persona | Jubinal, Achille, |
| 9 (RLIN) | 67177 |
| 852 ## - LOCALIZACIÓN | |
| Ubicación | ES-MaACL |
| Número de control de estantería | G-2341-43 |
| Nota libre | -- Enc. tela |
| 942 ## - ELEMENTOS DE ENTRADA SECUNDARIOS (KOHA) | |
| Fuente del sistema de clasificación o colocación | Clasificación decimal universal |
| Tipo de ítem Koha | Libro impreso antiguo |
| Estatus retirado | Estado de pérdida | Estado de daño | No para préstamo | Colección | Biblioteca de origen | Biblioteca actual | Ubicación en estantería | Fecha de adquisición | Total de préstamos | Signatura topográfica completa | Código de barras | Visto por última vez | Precio de reemplazo | Tipo de ítem Koha |
|---|---|---|---|---|---|---|---|---|---|---|---|---|---|---|
| Libros del s. XIX | Biblioteca del Ateneo de Madrid | Biblioteca del Ateneo de Madrid | Depósito 2 | 17/01/2008 | G-2341-43 | 1172118 | 23/02/2023 | 23/02/2023 | Libro impreso antiguo |
